000 00985nam a22002537a 4500
005 20170124103009.0
010 _aB-140492
020 _c175.00
_a8181660390
035 _aB-140492
037 _bCen Lib/Ret
040 _aDPL
_bHN
082 _a
_bखुराना
100 _aखुराना, गुरुदीप
_957095
245 _aउजाले अपने अपने /
_cगुरुदीप खुराना
246 _aUjale apne apne /
_bby Gurudeep Khurana
260 _aदिल्ली
_bमेधा बुक्स
_c2004
270 _aएक्स-11, नवीन शाहदरा
_bदिल्ली
_e110032
300 _a160पृ.
_c21सेमी (सजिल्द)
650 _aहिन्दी -- साहित्य
_957096
650 _aहिन्दी -- कहानी
_9779
650 _aHindi -- Literature
_957097
650 _aHindi -- Story
_943117
942 _2ddc
_cHN
_h
_mखुराना
999 _c114508
_d114508